|
|
|
|
| LEADER |
00000nam a2200000 a 4500 |
| 001 |
vtls001334545 |
| 003 |
SK-MaSNL |
| 005 |
20260301114437.0 |
| 008 |
130606s1907 xo r 0 slo |
| 020 |
|
|
|c b.c.
|
| 035 |
|
|
|a SNK000287496
|
| 040 |
|
|
|a SNK
|b slo
|c SNK
|e AACR2
|
| 044 |
|
|
|a xo
|c SK
|
| 080 |
|
|
|a 784.4(437.6)
|2 1981
|
| 245 |
1 |
|
|a Slovenské spevy
|h hudobnina
|n Diel 3., sošit 4
|c rediguje Karol Ruppeldt
|
| 260 |
|
|
|a Turč. Sv. Martin
|b Kníhtlačiarsky účastinársky spolok
|c 1907
|e Turč. Sv. Martin
|f Kníhtlačiarsky účastinársky spolok
|
| 300 |
|
|
|a S. 121-160
|c 27 cm
|
| 500 |
|
|
|a Iné ako SB 110/3
|
| 500 |
|
|
|a Vyd. Priatelia slovenských spevov
|
| 650 |
0 |
7 |
|a piesne slovenské
|x noty a texty
|2 SNK
|9 457932
|
| 655 |
|
7 |
|a HHU
|2 SNK
|9 283804
|
| 700 |
1 |
|
|a Ruppeldt, Karol,
|d 1840-1909
|4 upr
|9 162646
|
| 999 |
|
|
|c 718409
|d 720339
|
| 952 |
|
|
|t P60, <03>, [BOOK], {603}
|a SNK
|b SNK
|y PREZ
|7 0
|p 17A0253388
|o snkHSB 3517/3
|i snkD 707/2000
|0 0
|1 0
|4 0
|d 2000-10-04
|l 0
|r 2005-01-02 00:00:00
|w 2026-02-23
|